Części samochodowe - Statystyki

Ogólne statystyki
  • Ten quiz został rozwiązany 102 razy
  • Średni wynik to 23 z 165
Statystyki odpowiedzi
Część w samochodzie % Poprawnych
17 Chłodnica
60%
54 Kierownica
57%
61 Klocki hamulcowe
52%
31 Alternator
47%
34 Sprzęgło
47%
7 Tłoki
45%
112 Drzwi
43%
110 Maska
43%
35 Skrzynia biegów
43%
52 Felgi
42%
96 Fotele
40%
53 Opony
40%
60 Tarcze hamulcowe
40%
6 Wał korbowy
40%
118 | 133 Lusterka
38%
71 Akumulator
37%
22 Filtr oleju
37%
117 Szyby
37%
119 Wycieraczki
37%
23 Filtr powietrza
35%
21 Filtr paliwa
33%
10 Miska olejowa
33%
43 Amortyzatory
30%
1 Blok silnika
30%
83 Katalizator
30%
125 Kierunkowskazy
27%
11 Panewki
27%
111 Dach
25%
19 Pompa paliwa
25%
32 Rozrusznik
25%
45 Wahacze
25%
107 Hamulec ręczny
23%
28 Pasek rozrządu
23%
15 Turbosprężarka
23%
69 ABS
22%
13 Kolektor wydechowy
22%
27 Pompa wody
22%
120 Spryskiwacze
22%
5 Wałek rozrządu
22%
37 Wał napędowy
22%
64 Zaciski hamulcowe
22%
87 Zbiornik paliwa
20%
113 Błotniki
18%
104 Dywaniki
18%
98 Pasy bezpieczeństwa
18%
47 Stabilizator
18%
134 Uszczelka pod głowicą
18%
160 Filtr kabinowy
17%
9 Korbowody
17%
121 Reflektory
17%
102 Schowek
17%
44 Sprężyny
17%
122 Światła mijania
17%
126 Światła stop
17%
40 Dyferencjał
15%
109 Karoseria
15%
116 Klapa bagażnika
15%
33 Koło zamachowe
15%
65 Przewody hamulcowe
15%
123 Światła drogowe
15%
140 Świeca żarowa
15%
26 Termostat
15%
18 Wtryskiwacze
15%
114 Zderzaki
15%
100 Deska rozdzielcza
13%
12 Kolektor ssący
13%
8 Pierścienie tłokowe
13%
16 Przepustnica
13%
127 Światła przeciwmgielne
13%
77 Czujnik temperatury
12%
55 Kolumna kierownicza
12%
30 Pasek wielorowkowy
12%
68 Płyn hamulcowy
12%
161 Podłokietnik
12%
105 Podsufitka
12%
103 Tapicerka
12%
72 Bezpieczniki
10%
14 Kompresor
10%
29 Napinacz paska
10%
85 Tłumik końcowy
10%
62 Bębny hamulcowe
8%
48 Łączniki stabilizatora
8%
94 Nagrzewnica
8%
99 Poduszki powietrzne
8%
42 Półosie
8%
115 Progi
8%
56 Przekładnia kierownicza
8%
89 Przewody paliwowe
8%
67 Serwo hamulcowe
8%
97 Zagłówki
8%
3 Zawory ssące
8%
4 Zawory wydechowe
8%
131 Czujniki parkowania
7%
78 Czujnik położenia wału
7%
106 Dźwignia zmiany biegów
7%
132 Kamera cofania
7%
50 Łożyska kół
7%
51 Piasty kół
7%
38 Półoś napędowa
7%
91 Skraplacz
7%
124 Światła dzienne
7%
142 Wysprzęglik
7%
162 Ekran
5%
84 Filtr DPF
5%
2 Głowica cylindrów
5%
49 Kolumna McPhersona
5%
75 Komputer ECU
5%
158 Korek wlewu paliwa
5%
88 Listwa wtryskowa
5%
164 Napinacze pasów bezpieczeństwa
5%
66 Pompa hamulcowa
5%
20 Pompa wysokiego ciśnienia
5%
73 Przekaźniki
5%
108 Przyciski
5%
86 Rury wydechowe
5%
46 Tuleje wahaczy
5%
24 Wentylator chłodnicy
5%
130 Alarm
3%
143 Belka tylna
3%
163 Błotnik wewnętrzny
3%
79 Czujnik ABS
3%
153 Czujnik deszczu
3%
82 Czujnik lambda
3%
154 Czujnik zmierzchu
3%
58 Drążki kierownicze
3%
70 ESP
3%
93 Osuszacz
3%
63 Szczęki hamulcowe
3%
129 Centralny zamek
2%
81 Czujnik MAP
2%
138 Czujnik położenia wałka rozrządu
2%
80 Czujnik przepływu powietrza
2%
144 Drążek skrętny
2%
59 Końcówki drążków
2%
152 Linka hamulca ręcznego
2%
92 Parownik
2%
57 Pompa wspomagania
2%
39 Przeguby homokinetyczne
2%
41 Przeguby krzyżakowe
2%
36 Przekładnia główna
2%
25 Przewody chłodzenia
2%
90 Sprężarka klimatyzacji
2%
135 Uszczelniacze zaworowe
2%
95 Wentylator nawiewu
2%
165 Zbiornik spryskiwaczy
2%
155 Czujniki ciśnienia w oponach
0%
149 Czujnik kąta skrętu
0%
137 Czujnik spalania stukowego
0%
157 Czujnik temperatury spalin
0%
159 Czujnik wilgotności
0%
148 Gumy stabilizatora
0%
128 Immobilizer
0%
101 Konsola centralna
0%
76 Moduły sterujące
0%
146 Odboje amortyzatorów
0%
147 Osłony amortyzatorów
0%
145 Poduszki amortyzatorów
0%
141 Popychacz sprzęgła
0%
139 Przewody podciśnienia
0%
151 Tarcza kotwiczna
0%
156 Tłumik drgań wydechu
0%
150 Wałek pośredni kierowniczy
0%
136 Wałki równoważące
0%
74 Wiązka elektryczna
0%
Nie znaleziono quizów pasujących do podanych kryteriów
Rozkład punktacji
Procent ludzi z każdym wynikiem
Percentyl według liczby udzielonych odpowiedzi
Twoja historia wyników
Nie rozwiązałeś tego quizu